LEADER 00897nam a2200205 i 4500 001 991004311637507536 005 20240313121953.0 008 240313s1987 it e 000 0 ita d 040 $aBibl. Dip.le Aggr. Scienze Giuridiche - Sez. Centro Studi sul Rischio 082 0 $a320.94509$21119 100 1 $aMenichetti, Franca$0434815 245 10$aLotte sociali e stato nelle considerazioni di un impolitico dell'età giolittiana :$bArturo Labriola 1902-1911 /$cFranca Menichetti 260 $aPisa :$bETS,$c1987 300 $a45 p.$c22 cm 500 $aSaggio pubblicato d'intesa con il Seminario per le scienze giuridiche e politiche dell'Università di Pisa 650 7$aStato$zItalia$xStoria$y1902-1911 651 7$aItalia$xPolitica$y1902-1911 912 $a991004311637507536 996 $aLotte sociali e stato nelle considerazioni di un impolitico dell'età giolittiana$94130280 997 $aUNISALENTO